书目信息 |
| 题名: |
五子棋九段感觉
|
|
| 作者: | 彭建国 编著 | |
| 分册: | ||
| 出版信息: | 北京 北京体育大学出版社 2005 |
|
| 页数: | 304页 | |
| 开本: | 21cm | |
| 丛书名: | 五子棋晋级书系 | |
| 单 册: | ||
| 中图分类: | G891.9 | |
| 科图分类: | ||
| 主题词: | 五子棋--基本知识 , 五子棋 | |
| 电子资源: | ||
| ISBN: | 7-81100-254-X | |
| 000 | 00769oam2 2200253 450 | |
| 001 | 002866810 | |
| 005 | 20061114101449.89 | |
| 010 | @a7-81100-254-X@dCNY17.00 | |
| 100 | @a20050416d2005 em y0chiy0110 ea | |
| 101 | 0 | @achi |
| 102 | @aCN@b110000 | |
| 105 | @ay z 000yy | |
| 200 | 1 | @a五子棋九段感觉@9wu zi qi jiu duan gan jue@f彭建国编著 |
| 210 | @a北京@c北京体育大学出版社@d2005 | |
| 215 | @a304页@d21cm | |
| 225 | 2 | @a五子棋晋级书系 |
| 330 | @a本书通过对中村茂九段实战棋谱的解析,再现中村茂名人对局的心路历程,以及他的成功与失败。 | |
| 461 | 0 | @12001 @a五子棋晋级书系 |
| 606 | 0 | @a五子棋@x基本知识 |
| 606 | 0 | @a五子棋 |
| 690 | @aG891.9@v4 | |
| 701 | 0 | @a彭建国@9peng jian guo@f(1954~)@4编著 |
| 801 | 0 | @aCN@bNLC@c20061114 |
| 905 | @a10447@dG891.9@e232 | |
| 五子棋九段感觉/彭建国编著.-北京:北京体育大学出版社,2005 |
| 304页;21cm.-(五子棋晋级书系) |
| ISBN 7-81100-254-X:CNY17.00 |
| 本书通过对中村茂九段实战棋谱的解析,再现中村茂名人对局的心路历程,以及他的成功与失败。 |
| ● |
| 相关链接 |
|
|
|
|
正题名:五子棋九段感觉
索取号:G891.9/232
 
预约/预借
| 序号 | 登录号 | 条形码 | 馆藏地/架位号 | 状态 | 备注 |
| 1 | 0382536 | 203825361 | 第一样本阅览室/ [索取号:G891.9/232] | 在馆 | |
| 2 | 0382537 | 203825370 | 第四借阅区/ [索取号:G891.9/232] | 在馆 | |
| 3 | 0382538 | 203825389 | 第四借阅区/ [索取号:G891.9/232] | 在馆 | |
| 4 | 0382539 | 203825398 | 第四借阅区/ [索取号:G891.9/232] | 在馆 | |
| 5 | 0382540 | 203825405 | 第四借阅区/ [索取号:G891.9/232] | 在馆 |